[Event "Swidnica op rap"]
[Site "Swidnica"]
[Date "1997.??.??"]
[Round "9"]
[White "Muhutdinov, Marat"]
[Black "Graf, Alexander"]
[Result "1-0"]
[WhiteElo "2440"]
[BlackElo "2585"]
[PlyCount "57"]
[EventDate "1997.??.??"]
[EventType "swiss (rapid)"]
[EventRounds "9"]
[EventCountry "POL"]
[SourceTitle "EXT 2000"]
[Source "ChessBase"]
[SourceDate "1999.11.16"]
[SourceVersion "1"]
[SourceVersionDate "1999.11.16"]
[SourceQuality "1"]

1. e4 c6 2. d4 d5 3. exd5 cxd5 4. c4 Nf6 5. Nc3 e6 6. Nf3 Be7 7. cxd5 Nxd5 8. Bc4 Nc6 9. 0-0 0-0 10. Re1 a6 11. Bb3 Nxc3 12. bxc3 b5 13. Bc2 Bb7 14. h4 Qd5 15. Bg5 Rfe8 16. Qd3 g6 17. Bb3 Qd6 18. h5 Bxg5 19. Nxg5 Qf4 20. hxg6 hxg6 21. Nxe6 fxe6 22. Qxg6+ Kf8 23. Re4 Qf5 24. Qh6+ Ke7 25. Rf4 Qd3 26. Qxe6+ Kd8 27. Qd6+ Kc8 28. Be6+ Rxe6 29. Rf8+ 1-0

[Event "Cappelle op 11th"]
[Site "Cappelle la Grande"]
[Date "1995.??.??"]
[Round "9"]
[White "Muhutdinov, Marat"]
[Black "Burmakin, Vladimir"]
[Result "1-0"]
[WhiteElo "2485"]
[BlackElo "2555"]
[PlyCount "39"]
[EventDate "1995.03.??"]
[EventType "swiss"]
[EventRounds "9"]
[EventCountry "FRA"]
[SourceTitle "EXT 1997"]
[Source "ChessBase"]
[SourceDate "1996.11.15"]
[SourceVersion "1"]
[SourceVersionDate "1996.11.15"]
[SourceQuality "1"]

1. e4 c6 2. d4 d5 3. exd5 cxd5 4. c4 Nf6 5. Nc3 e6 6. Nf3 Be7 7. cxd5 exd5 8. Bd3 0-0 9. h3 b6 10. 0-0 Bb7 11. Bf4 a6 12. Re1 b5 13. Rc1 Nc6 14. Bb1 Re8 15. Qd3 Na5 16. Bc7 Qxc7 17. Nxd5 Bxd5 18. Rxc7 Bc4 19. Qd2 Bd6 20. Qxa5 1-0

[Event "Cappelle op 11th"]
[Site "Cappelle la Grande"]
[Date "1995.??.??"]
[Round "7"]
[White "Muhutdinov, Marat"]
[Black "Kratochwil, Christian"]
[Result "1/2-1/2"]
[WhiteElo "2485"]
[BlackElo "2340"]
[PlyCount "183"]
[EventDate "1995.03.??"]
[EventType "swiss"]
[EventRounds "9"]
[EventCountry "FRA"]
[SourceTitle "EXT 1997"]
[Source "ChessBase"]
[SourceDate "1996.11.15"]
[SourceVersion "1"]
[SourceVersionDate "1996.11.15"]
[SourceQuality "1"]

1. e4 c5 2. Nf3 Nc6 3. c3 d5 4. exd5 Qxd5 5. d4 e6 6. Na3 Qd8 7. Bf4 Nf6 8. dxc5 Nd5 9. Bd6 Bxd6 10. cxd6 Qxd6 11. Nb5 Qf4 12. Be2 0-0 13. 0-0 Rd8 14. Qb3 a6 15. Nbd4 Nxd4 16. Nxd4 e5 17. Bf3 Nf6 18. Ne2 Qh4 19. Rad1 Re8 20. Ng3 Rb8 21. Rfe1 Be6 22. Qa3 Qc4 23. Rxe5 Qxa2 24. Qxa2 Bxa2 25. Rxe8+ Nxe8 26. Rd7 b6 27. Ra7 Bc4 28. Nf5 Rd8 29. g3 g6 30. Nd4 Nf6 31. Rc7 Bd5 32. Bxd5 Nxd5 33. Ra7 a5 34. Kg2 Rd6 35. Kf3 Nf6 36. h4 h5 37. Kf4 Kg7 38. f3 Nd7 39. Ke3 Nc5 40. f4 Kf6 41. b4 axb4 42. cxb4 Ne6 43. Nf3 Nd8 44. Ne5 Kf5 45. Nc4 Re6+ 46. Kf3 Rc6 47. Ne3+ Ke6 48. Ke4 f6 49. Rg7 f5+ 50. Kd3 Rd6+ 51. Kc4 Kf6 52. Rh7 Nf7 53. Nd5+ Ke6 54. Nc7+ Ke7 55. Nb5 Rd1 56. Nd4 Kf6 57. Nf3 Rd7 58. Ng5 Nd6+ 59. Kd5 Nf7+ 60. Kc6 Rd6+ 61. Kb5 Nxg5 62. hxg5+ Ke6 63. Rb7 Rd3 64. Rxb6+ Kf7 65. Rf6+ Kg7 66. Rc6 Rxg3 67. Rc7+ Kf8 68. Kc4 Rg1 69. Rb7 h4 70. Rh7 Rh1 71. Rd7 h3 72. Rd2 h2 73. Kb5 Ke7 74. Rb2 Kd7 75. Kb6 Kd6 76. Rd2+ Ke6 77. b5 Ke7 78. Rb2 Kd6 79. Rd2+ Ke6 80. Rc2 Kd5 81. Kc7 Ke4 82. b6 Kxf4 83. b7 Rb1 84. Rxh2 Kxg5 85. Rh8 f4 86. b8Q Rxb8 87. Rxb8 f3 88. Rf8 Kg4 89. Kd6 Kg3 90. Ke5 f2 91. Ke4 Kg2 92. Ke3 1/2-1/2

[Event "Moscow PCA-Intel qual"]
[Site "Moscow"]
[Date "1995.??.??"]
[Round "9"]
[White "Oll, Lembit"]
[Black "Muhutdinov, Marat"]
[Result "1-0"]
[WhiteElo "2610"]
[BlackElo "2485"]
[PlyCount "78"]
[EventDate "1995.??.??"]
[EventType "swiss"]
[EventRounds "11"]
[EventCountry "RUS"]
[SourceTitle "CBM 046 Extra"]
[Source "ChessBase"]
[SourceDate "1995.07.01"]
[SourceVersion "1"]
[SourceVersionDate "1995.07.01"]
[SourceQuality "1"]

1. e4 e6 2. d4 d5 3. Nd2 Be7 4. Bd3 Nf6 5. e5 Nfd7 6. c3 c5 7. Ne2 Nc6 8. 0-0 cxd4 9. cxd4 a5 10. a4 b6 11. Nf3 Ba6 12. Bb5 Bxb5 13. axb5 Nb4 14. Nc3 0-0 15. Qe2 Rc8 16. g3 h6 17. Bf4 Re8 18. Rac1 f5 19. exf6 Bxf6 20. Na4 Qe7 21. Bc7 Na2 22. Rc6 Nb4 23. Bd6 Qf7 24. Bxb4 axb4 25. Re1 Rxc6 26. bxc6 Nb8 27. Rc1 Rc8 28. c7 Rxc7 29. Rxc7 Qxc7 30. Qxe6+ Qf7 31. Qxb6 Qe8 32. Qxb4 Kh7 33. Nc3 Nc6 34. Qb5 Qh5 35. Qxc6 Qxf3 36. Qxd5 Qxd5 37. Nxd5 Bxd4 38. b3 Kg6 39. Kf1 Kf5 1-0

[Event "Werfen op-A"]
[Site "Werfen"]
[Date "1994.??.??"]
[Round "?"]
[White "Muhutdinov, Marat"]
[Black "Piven, Igor"]
[Result "1-0"]
[WhiteElo "2490"]
[BlackElo "2320"]
[PlyCount "149"]
[EventDate "1994.08.??"]
[EventType "swiss"]
[EventRounds "9"]
[EventCountry "AUT"]
[SourceTitle "EXT 1998"]
[Source "ChessBase"]
[SourceDate "1997.11.17"]
[SourceVersion "1"]
[SourceVersionDate "1997.11.17"]
[SourceQuality "1"]

1. e4 e5 2. Nf3 Nc6 3. Bb5 a6 4. Ba4 Nf6 5. 0-0 Be7 6. Re1 b5 7. Bb3 d6 8. c3 0-0 9. a3 Nb8 10. d4 Nbd7 11. c4 Bb7 12. Nc3 c6 13. Be3 h6 14. h3 Re8 15. cxb5 cxb5 16. d5 Qb8 17. Bc2 Rc8 18. Nh4 Rc7 19. Nf5 Bf8 20. g4 Kh7 21. Qd2 Ng8 22. Rec1 g6 23. Ng3 Be7 24. b4 Bc8 25. Bd3 Nb6 26. Nd1 Bd7 27. Ne2 Raa7 28. Nec3 Rc8 29. Nb2 Ra8 30. Kg2 Qb7 31. Kg3 Rc7 32. f3 Rac8 33. Rc2 Bg5 34. Rac1 Bxe3 35. Qxe3 Be8 36. f4 f6 37. f5 g5 38. h4 gxh4+ 39. Kxh4 Rg7 40. Ncd1 Rxc2 41. Rxc2 h5 42. Nf2 Nh6 43. Be2 hxg4 44. Nxg4 Nxg4 45. Bxg4 Rg5 46. Qh3 Qg7 47. Kg3+ Rh5 48. Qf1 Qg5 49. Rc7+ Kg8 50. Nd3 Qh4+ 51. Kf3 Rg5 52. Qh3 Qxh3+ 53. Bxh3 Rg7 54. Rxg7+ Kxg7 55. Nb2 Kh6 56. Ke3 Kg5 57. Bf1 Bh5 58. Bd3 Be8 59. Nd1 Bd7 60. Nc3 Be8 61. Nb1 Bh5 62. Nc3 Be8 63. Be2 Bh5 64. Bxb5 axb5 65. Nxb5 Be8 66. Nxd6 Bd7 67. b5 Kh6 68. Kd3 Kg7 69. Kc3 Kf8 70. Nc4 Nxd5+ 71. exd5 Bxf5 72. b6 Bc8 73. Nd6 Ba6 74. Kb4 Ke7 75. Ka5 1-0

[Event "Alushta op"]
[Site "Alushta"]
[Date "1993.??.??"]
[Round "?"]
[White "Muhutdinov, Marat"]
[Black "Voloshin, Leonid"]
[Result "1-0"]
[WhiteElo "2475"]
[BlackElo "2420"]
[PlyCount "80"]
[EventDate "1993.05.??"]
[EventType "swiss"]
[EventRounds "9"]
[EventCountry "UKR"]
[SourceTitle "TD"]
[Source "ChessBase"]
[SourceDate "1994.03.01"]
[SourceVersion "1"]
[SourceVersionDate "1994.03.01"]
[SourceQuality "1"]

1. e4 c5 2. Nf3 e6 3. Nc3 d6 4. g3 Qc7 5. Bg2 Nc6 6. d4 cxd4 7. Nxd4 Nf6 8. 0-0 Be7 9. Re1 a6 10. Nxc6 bxc6 11. e5 dxe5 12. Rxe5 Bb7 13. Bf4 Bd6 14. Rxe6+ fxe6 15. Bxd6 Qd7 16. Bc5 Qxd1+ 17. Rxd1 Rd8 18. Re1 Kf7 19. Ne4 Nxe4 20. Bxe4 Rhe8 21. Re3 Kg8 22. Rb3 Ba8 23. a4 Rb8 24. Bb6 c5 25. Bxa8 Rxa8 26. Bxc5 Rec8 27. Bd4 Rab8 28. Rxb8 Rxb8 29. a5 Rb5 30. Bc3 e5 31. Kf1 Kf7 32. Ke2 Ke6 33. Ke3 Kd5 34. f4 exf4+ 35. Kxf4 Rb7 36. Ke3 Kc4 37. h4 Re7+ 38. Kf3 Rf7+ 39. Ke3 Re7+ 40. Kf3 Rf7+ 1-0

[Event "St Petersburg op"]
[Site "St Petersburg"]
[Date "1993.??.??"]
[Round "?"]
[White "Smagin, Sergey"]
[Black "Muhutdinov, Marat"]
[Result "0-1"]
[WhiteElo "2550"]
[BlackElo "2485"]
[PlyCount "204"]
[EventDate "1993.10.??"]
[EventType "swiss"]
[EventRounds "9"]
[EventCountry "RUS"]
[SourceTitle "TD"]
[Source "ChessBase"]
[SourceDate "1994.03.01"]
[SourceVersion "1"]
[SourceVersionDate "1994.03.01"]
[SourceQuality "1"]

1. e4 c5 2. c3 Nf6 3. e5 Nd5 4. d4 cxd4 5. Nf3 Nc6 6. Bc4 Nb6 7. Bb3 d6 8. exd6 Qxd6 9. 0-0 Be6 10. Na3 dxc3 11. Qe2 Bxb3 12. Nb5 Qb8 13. axb3 e5 14. Be3 cxb2 15. Qxb2 Nd7 16. Rfd1 Be7 17. Qc2 a6 18. Nc3 Nf6 19. Ng5 Nb4 20. Qf5 g6 21. Qf3 0-0 22. Rac1 a5 23. Nb5 Nc6 24. Bb6 Ra6 25. Be3 Kg7 26. h4 h5 27. g3 a4 28. bxa4 Rxa4 29. Rb1 Rd8 30. Nc3 Rxd1+ 31. Rxd1 Nd4 32. Bxd4 Rxd4 33. Rb1 b6 34. Nce4 b5 35. Ra1 b4 36. Ra6 Qd8 37. Ra7 Rd7 38. Qb3 Nd5 39. Ra6 Qc8 40. Ra1 Bxg5 41. hxg5 Nc3 42. Qxb4 Ne2+ 43. Kh2 Rd4 44. Qc5 Qxc5 45. Nxc5 Rg4 46. Re1 Nd4 47. Kg2 Rxg5 48. Ne4 Rf5 49. Nd6 Rf3 50. Rxe5 Rd3 51. Rd5 Nf3 52. Ra5 Nd2 53. Ne8+ Kh6 54. Ra4 Nb3 55. Ra7 Rd8 56. Nf6 Kg7 57. Ne4 Rd5 58. f4 Nd4 59. Ng5 Rf5 60. Rd7 Ne2 61. Kf3 Nc3 62. Ne4 Rd5 63. Nd6 Kf6 64. Rc7 Rd3+ 65. Kg2 Ke6 66. Nxf7 Nd5 67. Ra7 Ne3+ 68. Kh3 Nf5 69. Ng5+ Kd6 70. Ra6+ Kd5 71. Rxg6 Rxg3+ 72. Kh2 Rg4 73. Ra6 Rxf4 74. Ra5+ Kd6 75. Nh3 Rf1 76. Ng5 Ke7 77. Ra6 Rf4 78. Nh3 Rb4 79. Ng1 Rb2+ 80. Kh3 Rb3+ 81. Kh2 h4 82. Kg2 Nd4 83. Ra4 Rd3 84. Kf2 Kf6 85. Ra5 Rb3 86. Rh5 Rb2+ 87. Kf1 Nf5 88. Rh8 Kg7 89. Ra8 Kg6 90. Nf3 h3 91. Rh8 Ng3+ 92. Ke1 Nh5 93. Ra8 Kf5 94. Rf8+ Kg4 95. Ne5+ Kg5 96. Nf3+ Kg6 97. Rg8+ Kf6 98. Rh8 Kg6 99. Ne5+ Kg5 100. Nf3+ Kg4 101. Ne5+ Kh4 102. Nd3 h2 0-1

[Event "Nabereznye Chelny"]
[Site "Nabereznye Chelny"]
[Date "1993.??.??"]
[Round "?"]
[White "Timoshenko, Georgy"]
[Black "Muhutdinov, Marat"]
[Result "0-1"]
[WhiteElo "2515"]
[BlackElo "2475"]
[PlyCount "126"]
[EventDate "1993.??.??"]
[EventType "tourn"]
[EventRounds "13"]
[EventCountry "RUS"]
[EventCategory "7"]
[SourceTitle "CBM 037"]
[Source "ChessBase"]
[SourceDate "1993.12.01"]
[SourceVersion "1"]
[SourceVersionDate "1993.12.01"]
[SourceQuality "1"]

1. e4 c5 2. Nf3 d6 3. d4 cxd4 4. Nxd4 Nf6 5. Nc3 a6 6. Be2 e6 7. 0-0 Be7 8. f4 Qc7 9. a4 Nc6 10. Be3 0-0 11. Kh1 Re8 12. Bf3 Rb8 13. Qd2 Bd7 14. Qf2 Nxd4 15. Bxd4 Bc6 16. Qg3 g6 17. a5 Nd7 18. f5 Ne5 19. Be2 Bf8 20. h4 Kh8 21. h5 gxf5 22. exf5 Bh6 23. Bf3 Rg8 24. Qh3 Rg7 25. fxe6 Bxf3 26. Rxf3 Nxf3 27. gxf3 Qc4 28. Bxg7+ Bxg7 29. e7 Re8 30. Ne4 Rxe7 31. Nxd6 Qxc2 32. Qg4 Be5 33. Qh4 Qd2 34. Ne4 Qf4 35. Qxf4 Bxf4 36. Ra4 Re5 37. Kg2 Rxh5 38. Rb4 Rxa5 39. Rxb7 Kg7 40. b4 Ra2+ 41. Kf1 h5 42. b5 h4 43. bxa6 h3 44. Nf2 h2 45. a7 Be3 46. Nh1 Bxa7 47. Re7 Bb8 48. Re2 Ra3 49. Kf2 Kf6 50. Re1 Kg5 51. Kg2 f5 52. Ng3 Ra2+ 53. Ne2 Bc7 54. Kh1 Ba5 55. Nc1 Ra1 56. f4+ Kh4 57. Rd1 Bb6 58. Kxh2 Be3 59. Rd5 Rxc1 60. Rxf5 Rc2+ 61. Kh1 Kg3 62. Rg5+ Kf3 63. Rg3+ Kxg3 0-1

[Event "Moscow VDFSO"]
[Site "Moscow"]
[Date "1992.??.??"]
[Round "?"]
[White "Ivanov, V."]
[Black "Muhutdinov, Marat"]
[Result "1-0"]
[WhiteElo "2355"]
[BlackElo "2440"]
[PlyCount "51"]
[EventDate "1992.??.??"]
[EventType "tourn"]
[EventRounds "15"]
[EventCountry "RUS"]
[EventCategory "5"]
[SourceTitle "CBM 029 Extra"]
[Source "ChessBase"]
[SourceDate "1992.09.01"]
[SourceVersion "1"]
[SourceVersionDate "1992.09.01"]
[SourceQuality "1"]

1. d4 Nf6 2. c4 g6 3. Nc3 Bg7 4. e4 d6 5. f3 0-0 6. Be3 Nc6 7. Nge2 a6 8. Qd2 Rb8 9. h4 h5 10. Nc1 e5 11. d5 Nd4 12. Nb3 Nxb3 13. axb3 c5 14. Be2 Bd7 15. Nd1 Qc8 16. b4 b6 17. Nf2 Ne8 18. g4 f5 19. gxf5 gxf5 20. exf5 Bxf5 21. Rg1 Kh8 22. Rg3 Nf6 23. Bd3 Rf7 24. Bh6 Bxd3 25. Bxg7+ Rxg7 26. Qh6+ 1-0

[Event "Moscow3"]
[Site "Moscow"]
[Date "1992.??.??"]
[Round "?"]
[White "Laketic, Gojko"]
[Black "Muhutdinov, Marat"]
[Result "0-1"]
[WhiteElo "2480"]
[BlackElo "2440"]
[PlyCount "48"]
[EventDate "1992.??.??"]
[EventType "tourn"]
[EventRounds "13"]
[EventCountry "RUS"]
[EventCategory "8"]
[SourceTitle "EXT 1997"]
[Source "ChessBase"]
[SourceDate "1996.11.15"]
[SourceVersion "1"]
[SourceVersionDate "1996.11.15"]
[SourceQuality "1"]

1. Nf3 Nf6 2. g3 d5 3. Bg2 Bg4 4. 0-0 c6 5. d3 Nbd7 6. Nbd2 e5 7. e4 dxe4 8. dxe4 Bc5 9. h3 Bh5 10. Qe2 Qc7 11. c3 a5 12. a4 0-0 13. Nc4 Rfe8 14. Bd2 b5 15. axb5 cxb5 16. Na3 Bxa3 17. Rxa3 Rab8 18. Rfa1 a4 19. Bg5 Re6 20. Qc2 Nb6 21. Rc1 Nc4 22. Raa1 h6 23. Bxf6 Rxf6 24. Nd2 Rxf2 0-1

[Event "YUG-chT"]
[Site "Cetinje"]
[Date "1992.??.??"]
[Round "?"]
[White "Martinovic, Slobodan"]
[Black "Muhutdinov, Marat"]
[Result "1/2-1/2"]
[WhiteElo "2465"]
[BlackElo "2425"]
[PlyCount "27"]
[EventDate "1992.??.??"]
[EventType "team"]
[EventRounds "11"]
[EventCountry "YUG"]
[SourceTitle "EXT 1997"]
[Source "ChessBase"]
[SourceDate "1996.11.15"]
[SourceVersion "1"]
[SourceVersionDate "1996.11.15"]
[SourceQuality "1"]

1. e4 c5 2. Nf3 d6 3. Bb5+ Nc6 4. 0-0 Bd7 5. c3 Nf6 6. Re1 a6 7. Bxc6 Bxc6 8. d4 Bxe4 9. Bg5 d5 10. dxc5 e6 11. Qa4+ Qd7 12. Qd4 Bxf3 13. gxf3 Be7 14. Nd2 1/2-1/2

[Event "Moscow Tal Memorial"]
[Site "Moscow"]
[Date "1992.??.??"]
[Round "?"]
[White "Morozevich, Alexander"]
[Black "Muhutdinov, Marat"]
[Result "1/2-1/2"]
[WhiteElo "2385"]
[BlackElo "2425"]
[PlyCount "55"]
[EventDate "1992.08.??"]
[EventType "swiss"]
[EventRounds "9"]
[EventCountry "RUS"]
[SourceTitle "EXT 1997"]
[Source "ChessBase"]
[SourceDate "1996.11.15"]
[SourceVersion "1"]
[SourceVersionDate "1996.11.15"]
[SourceQuality "1"]

1. e4 c5 2. Nf3 d6 3. d4 cxd4 4. Nxd4 Nf6 5. Nc3 a6 6. Bc4 e6 7. Bb3 Nbd7 8. f4 Nc5 9. e5 Nfd7 10. exd6 Nf6 11. Be3 Bxd6 12. Qf3 0-0 13. 0-0-0 Nxb3+ 14. Nxb3 Qc7 15. Rxd6 Qxd6 16. Bc5 Qc7 17. Bxf8 Kxf8 18. Rd1 Bd7 19. g3 Bc6 20. Qd3 e5 21. fxe5 Qxe5 22. Nd4 Bd7 23. Nf3 Qc5 24. Nd2 Qe7 25. Nf3 Re8 26. Re1 Qc5 27. Rxe8+ Bxe8 28. b3 1/2-1/2

[Event "YUG-chT"]
[Site "Cetinje"]
[Date "1992.??.??"]
[Round "?"]
[White "Muhutdinov, Marat"]
[Black "Barlov, Dragan"]
[Result "1-0"]
[WhiteElo "2425"]
[BlackElo "2475"]
[PlyCount "79"]
[EventDate "1992.??.??"]
[EventType "team"]
[EventRounds "11"]
[EventCountry "YUG"]
[SourceTitle "EXT 1997"]
[Source "ChessBase"]
[SourceDate "1996.11.15"]
[SourceVersion "1"]
[SourceVersionDate "1996.11.15"]
[SourceQuality "1"]

1. e4 c5 2. Nf3 Nc6 3. Nc3 e6 4. d4 cxd4 5. Nxd4 Qc7 6. g3 a6 7. Bg2 d6 8. 0-0 Bd7 9. Re1 Nxd4 10. Qxd4 Ne7 11. Be3 Nc6 12. Qd2 Ne5 13. Bd4 Nc6 14. Be3 b5 15. a4 b4 16. Na2 a5 17. c3 b3 18. Nc1 Rb8 19. Ra3 Ne5 20. Rxb3 Rxb3 21. Nxb3 Nc4 22. Qe2 Be7 23. Ra1 Nxe3 24. Qxe3 Qb8 25. Nd2 0-0 26. b3 Rc8 27. Bf1 h6 28. Bc4 Bf6 29. Rc1 Bg5 30. f4 Bd8 31. Kf1 Rxc4 32. bxc4 Bxa4 33. Rb1 Qc7 34. e5 Bc6 35. exd6 Qxd6 36. Qd4 Qc7 37. Ne4 Be7 38. c5 a4 39. Nd6 Bd5 40. Ne8 1-0

[Event "Moscow VDFSO"]
[Site "Moscow"]
[Date "1992.??.??"]
[Round "?"]
[White "Muhutdinov, Marat"]
[Black "Gavrilov, Alexei"]
[Result "0-1"]
[WhiteElo "2440"]
[BlackElo "2360"]
[PlyCount "74"]
[EventDate "1992.??.??"]
[EventType "tourn"]
[EventRounds "15"]
[EventCountry "RUS"]
[EventCategory "5"]
[SourceTitle "CBM 029 Extra"]
[Source "ChessBase"]
[SourceDate "1992.09.01"]
[SourceVersion "1"]
[SourceVersionDate "1992.09.01"]
[SourceQuality "1"]

1. e4 e5 2. Nf3 Nc6 3. Bb5 a6 4. Ba4 Nf6 5. 0-0 Be7 6. Re1 b5 7. Bb3 d6 8. c3 0-0 9. a3 h6 10. d4 Bg4 11. d5 Na5 12. Ba2 c6 13. dxc6 Qc7 14. Nbd2 Qxc6 15. Nf1 Be6 16. Bxe6 fxe6 17. N3d2 Nc4 18. f3 Nd7 19. Qe2 d5 20. b3 Ncb6 21. Bb2 Bg5 22. Ne3 a5 23. exd5 exd5 24. Rac1 Rac8 25. g4 Rfe8 26. Kg2 a4 27. b4 Nf6 28. Qd3 e4 29. Qd4 exf3+ 30. Kxf3 Ne4 31. Rc2 Nxd2+ 32. Rxd2 Rxe3+ 33. Rxe3 Bxe3 34. Kxe3 Nc4+ 35. Kd3 Qg6+ 36. Ke2 Re8+ 37. Kf2 Nxd2 0-1

[Event "Moscow3"]
[Site "Moscow"]
[Date "1992.??.??"]
[Round "?"]
[White "Muhutdinov, Marat"]
[Black "Kuzmin, Gennadi P"]
[Result "1-0"]
[WhiteElo "2440"]
[BlackElo "2535"]
[PlyCount "83"]
[EventDate "1992.??.??"]
[EventType "tourn"]
[EventRounds "13"]
[EventCountry "RUS"]
[EventCategory "8"]
[SourceTitle "EXT 1997"]
[Source "ChessBase"]
[SourceDate "1996.11.15"]
[SourceVersion "1"]
[SourceVersionDate "1996.11.15"]
[SourceQuality "1"]

1. e4 e5 2. Nf3 Nc6 3. Bb5 a6 4. Ba4 Nf6 5. 0-0 b5 6. Bb3 Bb7 7. c3 Be7 8. d4 d6 9. Nbd2 0-0 10. Re1 exd4 11. cxd4 Nb4 12. Qe2 c5 13. a3 Nc6 14. dxc5 dxc5 15. e5 Nd5 16. Ne4 Nd4 17. Nxd4 cxd4 18. Qg4 Qb6 19. Bg5 Qg6 20. h4 Bxg5 21. hxg5 Bc8 22. Qf3 Be6 23. Rad1 Ne7 24. Bc2 Kh8 25. Bb1 Rad8 26. Nd6 Qxg5 27. Rxd4 Kg8 28. Qb7 Rb8 29. Qxa6 Ng6 30. Bxg6 Qxg6 31. Qc6 f6 32. Qe4 Qh5 33. f4 Qh6 34. Rc1 g5 35. f5 g4 36. Rc3 b4 37. axb4 Ra8 38. Qxg4+ Kh8 39. fxe6 Ra1+ 40. Rd1 f5 41. Nf7+ Rxf7 42. exf7 1-0

[Event "YUG-chT"]
[Site "Cetinje"]
[Date "1992.??.??"]
[Round "?"]
[White "Muhutdinov, Marat"]
[Black "Paunovic, Tomislav"]
[Result "0-1"]
[WhiteElo "2425"]
[BlackElo "2425"]
[PlyCount "168"]
[EventDate "1992.??.??"]
[EventType "team"]
[EventRounds "11"]
[EventCountry "YUG"]
[SourceTitle "EXT 1997"]
[Source "ChessBase"]
[SourceDate "1996.11.15"]
[SourceVersion "1"]
[SourceVersionDate "1996.11.15"]
[SourceQuality "1"]

1. e4 c5 2. Nf3 d6 3. d4 cxd4 4. Nxd4 Nf6 5. Nc3 a6 6. Bc4 e6 7. 0-0 Be7 8. Bb3 b5 9. f4 b4 10. Na4 Bb7 11. e5 Nd5 12. Qg4 0-0 13. Bd2 dxe5 14. fxe5 Kh8 15. Rae1 Nc6 16. Nf3 Nb6 17. Bg5 Nxa4 18. Bxe7 Nxe7 19. Bxa4 Bxf3 20. Rxf3 Qb6+ 21. Kh1 Rad8 22. c3 bxc3 23. bxc3 Rd2 24. Bb3 Ng6 25. h4 Qd8 26. g3 h6 27. Qe4 Ne7 28. Re2 Nf5 29. Kg2 Qd7 30. Kh3 Rd8 31. g4 Ne7 32. Rxd2 Qxd2 33. Rxf7 Ng6 34. Rf3 Qc1 35. Rf2 Qxc3+ 36. Kh2 Qxe5+ 37. Qxe5 Nxe5 38. Bxe6 Re8 39. Bf5 g6 40. Kg3 gxf5 41. Rxf5 Kg7 42. Rf4 Rc8 43. Ra4 Rc3+ 44. Kf2 Rc6 45. Ke3 Kf6 46. Rf4+ Ke6 47. g5 h5 48. Ra4 Ng6 49. Kf3 Kf5 50. Kg3 Rd6 51. Ra5+ Ne5 52. Ra4 Rd3+ 53. Kf2 Ng4+ 54. Kg2 Rd6 55. Kf3 Ne5+ 56. Kg3 Nd7 57. Ra5+ Kg6 58. Kf3 Nb8 59. Ke4 Rd2 60. Ra4 Rb2 61. Kd5 Rb6 62. Re4 a5 63. Re7 Rb4 64. Re6+ Kf7 65. Rf6+ Kg7 66. a3 Rxh4 67. Rb6 Nd7 68. Rb7 Kg6 69. Rxd7 Ra4 70. Rd8 Kxg5 71. Ke5 Rxa3 72. Rg8+ Kh4 73. Kf4 Ra4+ 74. Kf3 Rg4 75. Rc8 Rg3+ 76. Kf2 a4 77. Rc4+ Rg4 78. Rc3 Rf4+ 79. Kg2 Kg4 80. Rc8 h4 81. Ra8 Rb4 82. Kf2 Rb2+ 83. Kf1 Kf3 84. Kg1 Rb4 0-1

[Event "YUG-chT"]
[Site "Cetinje"]
[Date "1992.??.??"]
[Round "?"]
[White "Muhutdinov, Marat"]
[Black "Seirawan, Yasser"]
[Result "1/2-1/2"]
[WhiteElo "2425"]
[BlackElo "2605"]
[PlyCount "86"]
[EventDate "1992.??.??"]
[EventType "team"]
[EventRounds "11"]
[EventCountry "YUG"]
[SourceTitle "EXT 1997"]
[Source "ChessBase"]
[SourceDate "1996.11.15"]
[SourceVersion "1"]
[SourceVersionDate "1996.11.15"]
[SourceQuality "1"]

1. e4 c6 2. c4 d5 3. cxd5 cxd5 4. exd5 Nf6 5. Qa4+ Nbd7 6. Nc3 g6 7. Nf3 Bg7 8. Qb3 Nb6 9. Bc4 Nxc4 10. Qxc4 0-0 11. 0-0 b6 12. Ne5 Bb7 13. Nc6 Qd7 14. Re1 Rfe8 15. d4 Nxd5 16. Qxd5 Qxc6 17. Qxc6 Bxc6 18. Be3 Rad8 19. Red1 Rd7 20. d5 Ba8 21. a4 Rb8 22. h3 Bxc3 23. bxc3 Rxd5 24. Rxd5 Bxd5 25. a5 Rb7 26. axb6 axb6 27. Ra6 b5 28. Rb6 f6 29. Rxb7 Bxb7 30. f4 Kf7 31. Kf2 Ke6 32. Bc5 g5 33. g3 gxf4 34. gxf4 Kf7 35. h4 e6 36. Bb6 Kg6 37. Bd8 Kf5 38. Kg3 e5 39. fxe5 Kxe5 40. Kf2 f5 41. Bb6 Ke4 42. Bd8 f4 43. Bb6 Bc8 1/2-1/2

[Event "Moscow3"]
[Site "Moscow"]
[Date "1992.??.??"]
[Round "?"]
[White "Muhutdinov, Marat"]
[Black "Tseshkovsky, Vitaly"]
[Result "0-1"]
[WhiteElo "2440"]
[BlackElo "2490"]
[PlyCount "46"]
[EventDate "1992.??.??"]
[EventType "tourn"]
[EventRounds "13"]
[EventCountry "RUS"]
[EventCategory "8"]
[SourceTitle "EXT 1997"]
[Source "ChessBase"]
[SourceDate "1996.11.15"]
[SourceVersion "1"]
[SourceVersionDate "1996.11.15"]
[SourceQuality "1"]

1. e4 e5 2. Nf3 Nc6 3. Bb5 Nf6 4. d3 d6 5. c3 Be7 6. Nbd2 0-0 7. 0-0 Bd7 8. Ba4 Kh8 9. Re1 Ng8 10. d4 Bf6 11. Nf1 g6 12. Ne3 Bg7 13. Nd5 exd4 14. cxd4 Bg4 15. Be3 f5 16. Bc2 Qd7 17. h3 Bxf3 18. Qxf3 f4 19. Nxf4 g5 20. e5 gxf4 21. e6 Qxe6 22. Bxf4 Nxd4 23. Qh5 Nf6 0-1

[Event "Moscow VDFSO"]
[Site "Moscow"]
[Date "1992.??.??"]
[Round "?"]
[White "Sokolov, Andrei2222"]
[Black "Muhutdinov, Marat"]
[Result "1-0"]
[WhiteElo "2435"]
[BlackElo "2440"]
[PlyCount "97"]
[EventDate "1992.??.??"]
[EventType "tourn"]
[EventRounds "15"]
[EventCountry "RUS"]
[EventCategory "5"]
[SourceTitle "CBM 029 Extra"]
[Source "ChessBase"]
[SourceDate "1992.09.01"]
[SourceVersion "1"]
[SourceVersionDate "1992.09.01"]
[SourceQuality "1"]

1. d4 Nf6 2. Nf3 g6 3. Bg5 Bg7 4. Nbd2 d5 5. e3 0-0 6. Bd3 Nbd7 7. 0-0 c5 8. c3 Qe8 9. Re1 e6 10. c4 cxd4 11. exd4 b6 12. cxd5 Nxd5 13. Bb5 h6 14. Bh4 Bb7 15. Qa4 g5 16. Bxd7 Qe7 17. Bg3 a6 18. Ne5 b5 19. Bxb5 axb5 20. Qxb5 Nf4 21. Bxf4 gxf4 22. Ndf3 Rfb8 23. Qe2 Bd5 24. b3 Bb7 25. Rac1 Re8 26. Rc2 f6 27. Nc4 Rad8 28. Nh4 f5 29. Qh5 Be4 30. Rce2 Qb4 31. Qg6 Bd3 32. Re5 Kf8 33. Qh7 Rxd4 34. h3 f3 35. Ng6+ Kf7 36. R5e3 Bxc4 37. bxc4 fxg2 38. Ne5+ Kf8 39. Nc6 Qxc4 40. Nxd4 Qxd4 41. Qg6 Qd2 42. R1e2 Qd1+ 43. Kxg2 Qd5+ 44. f3 Qc4 45. a4 Qxa4 46. Rxe6 Rxe6 47. Qxe6 Qb5 48. Rc2 Bc3 49. Qc8+ 1-0